[Event "MCR senioru 2014 - nad 60 let"]
[Site "Rychnov nad Kneznou"]
[Date "2014.08.22"]
[Round "7.18"]
[White "Rùèka, Alois"]
[Black "Øehák, Jiøí"]
[Result "1-0"]
[WhiteElo "1936"]
[BlackElo "1841"]
[PlyCount "63"]
[EventDate "2014.08.16"]

1. d4 d5 2. Nf3 Nf6 3. c4 c6 4. e3 Bf5 5. Nc3 e6 6. Qb3 Qb6 7. Qxb6 axb6 8. Bd2
Nbd7 9. Be2 dxc4 10. Bxc4 b5 11. Be2 b4 12. Nd1 Ne4 13. Bc4 Be7 14. Ke2 O-O 15.
Ne1 Nb6 16. Bb3 Nxd2 17. Kxd2 Rfd8 18. Ke2 c5 19. dxc5 Bxc5 20. f3 e5 21. Rc1
Bd6 22. e4 Bd7 23. Ne3 Bb5+ 24. Nd3 Rac8 25. Rxc8 Rxc8 26. Rd1 Kf8 27. Kd2 g6
28. g3 Ke7 29. Rc1 Bxd3 30. Rxc8 Bxe4 31. Rh8 Bxf3 32. Rxh7 1-0

[Event "MCR senioru 2014 - nad 60 let"]
[Site "Rychnov nad Kneznou"]
[Date "2014.08.22"]
[Round "7.19"]
[White "Bainhofner, Jiøí"]
[Black "Švéda, Jiøí"]
[Result "0-1"]
[WhiteElo "1806"]
[BlackElo "1927"]
[PlyCount "94"]
[EventDate "2014.08.16"]

1. e4 c5 2. Nc3 Nc6 3. f4 e6 4. Bc4 g6 5. d3 Nge7 6. Bb3 d5 7. e5 Nf5 8. Nf3 a6
9. Ne2 b5 10. c3 Bb7 11. Ng3 Nh4 12. O-O Nxf3+ 13. Rxf3 Be7 14. d4 Qb6 15. Be3
Na5 16. Ne2 Nc6 17. Kh1 a5 18. Qg1 c4 19. Bc2 b4 20. Qd1 O-O-O 21. Bd2 Rdf8 22.
b3 Ba6 23. Qe1 f6 24. Qg3 cxb3 25. Bd3 fxe5 26. axb3 Bxd3 27. Rxd3 e4 28. Re3
Kd7 29. Qe1 Rb8 30. Ra4 Rhc8 31. Qa1 bxc3 32. Bxc3 Bb4 33. Bxb4 axb4 34. Rh3 h5
35. Rg3 Rg8 36. Kg1 Qb5 37. Kf2 Rbf8 38. h4 Qb6 39. Ke3 Rc8 40. Rh3 Rc7 41. Rh1
Ne7 42. Rc1 Nf5+ 43. Kf2 Rgc8 44. Rxc7+ Rxc7 45. g3 Ke7 46. Ke1 Rb7 47. Qd1 e3
0-1

[Event "MCR senioru 2014 - nad 60 let"]
[Site "Rychnov nad Kneznou"]
[Date "2014.08.22"]
[Round "7.20"]
[White "Kocour, Zdenìk"]
[Black "Miciak, Emanuel"]
[Result "0-1"]
[WhiteElo "1821"]
[BlackElo "1865"]
[PlyCount "53"]
[EventDate "2014.08.16"]

1. c4 Nf6 2. Nc3 g6 3. g3 Bg7 4. Nf3 c5 5. Bg2 Nc6 6. O-O O-O 7. d4 cxd4 8.
Nxd4 Nxd4 9. Qxd4 d6 10. e4 Ng4 11. Qd2 Bd7 12. h3 Ne5 13. Qe2 Qc8 14. Bf4 Qxc4
15. Qd2 Bc6 16. Rfd1 Qe6 17. b3 Rfc8 18. Rac1 Nd7 19. Kh2 Nc5 20. f3 Nd7 21. h4
Ne5 22. Qe2 Qd7 23. Bh6 Bxh6 24. f4 Ng4+ 25. Kg1 Bg7 26. Bh3 h5 27. Rd3 0-1

[Event "MCR senioru 2014 - nad 60 let"]
[Site "Rychnov nad Kneznou"]
[Date "2014.08.22"]
[Round "7.21"]
[White "Tsapanidis, Vasilis"]
[Black "Tomèík, Alexander"]
[Result "1/2-1/2"]
[WhiteElo "1780"]
[BlackElo "1862"]
[PlyCount "107"]
[EventDate "2014.08.16"]

1. c4 Nf6 2. Nc3 e5 3. Nf3 d6 4. h3 Be7 5. d4 exd4 6. Nxd4 O-O 7. Bg5 h6 8. Bh4
Nbd7 9. Nf5 Ne5 10. Nxe7+ Qxe7 11. Nd5 Qd8 12. Nxf6+ gxf6 13. e3 Ng6 14. Qh5
Nxh4 15. Qxh4 Kg7 16. Bd3 f5 17. Qxd8 Rxd8 18. Rd1 Kf6 19. O-O Be6 20. Rd2 Rg8
21. Be2 Rad8 22. Kh2 Ke7 23. a3 c6 24. Rfd1 d5 25. cxd5 Bxd5 26. g3 Be4 27.
Rxd8 Rxd8 28. Rxd8 Kxd8 29. f3 Bd5 30. g4 fxg4 31. hxg4 Ke7 32. Kg3 Kf6 33. e4
Bb3 34. Bd3 c5 35. Kf4 c4 36. e5+ Ke6 37. Be4 Bd1 38. Bh7 b5 39. Bg8 a5 40. Ke3
Bc2 41. f4 Ke7 42. f5 Kf8 43. e6 fxe6 44. Bxe6 Ke7 45. Kf4 Kf6 46. Bd5 Bd3 47.
Be4 Be2 48. Bf3 Bf1 49. Ke4 Bd3+ 50. Kd4 Bf1 51. Ke4 Bd3+ 52. Kf4 b4 53. axb4
axb4 54. Ke3 1/2-1/2

[Event "MCR senioru 2014 - nad 60 let"]
[Site "Rychnov nad Kneznou"]
[Date "2014.08.22"]
[Round "7.22"]
[White "Vlachopulos, Elefteris"]
[Black "Milián, Milan"]
[Result "1/2-1/2"]
[WhiteElo "1776"]
[BlackElo "1861"]
[PlyCount "80"]
[EventDate "2014.08.16"]

1. d4 d5 2. Nf3 Nf6 3. c4 c6 4. Nc3 e6 5. Bg5 Be7 6. e3 Nbd7 7. Bd3 h6 8. Bh4
dxc4 9. Bxc4 b5 10. Bd3 Bb7 11. O-O O-O 12. e4 b4 13. Ne2 c5 14. Qc2 Rc8 15.
Qb1 cxd4 16. Nexd4 Nc5 17. e5 Nd5 18. Bxe7 Nxe7 19. Rd1 Qb6 20. Rd2 Nxd3 21.
Rxd3 Be4 22. Qd1 Bxd3 23. Qxd3 Rfd8 24. Qe3 Ng6 25. Qe4 Rd5 26. h4 Qc5 27. Nxe6
Qe7 28. h5 fxe6 29. Qxg6 Qf7 30. Qg4 a5 {[%emt 0:00:00]} 31. Re1 Rc2 32. a3 b3
33. Re4 {[%emt 0:00:00]} Qf5 34. Qh4 Rd1+ 35. Kh2 Rxb2 36. Rf4 Qd3 37. Qe7 Qd7
38. Qf8+ Kh7 39. Rf7 Qxf7 40. Qxf7 Re2 1/2-1/2

[Event "MCR senioru 2014 - nad 60 let"]
[Site "Rychnov nad Kneznou"]
[Date "2014.08.22"]
[Round "7.23"]
[White "Palla, Rostislav"]
[Black "Kindl, František"]
[Result "0-1"]
[WhiteElo "1724"]
[BlackElo "1857"]
[PlyCount "70"]
[EventDate "2014.08.16"]

1. e4 c5 2. Nf3 Nc6 3. d4 cxd4 4. Nxd4 g6 5. Be3 Bg7 6. Qd2 Nf6 7. Nc3 O-O 8.
f3 d5 9. Nxc6 bxc6 10. e5 Nd7 11. f4 Qa5 12. a3 e6 13. b4 Qc7 14. Bd4 a5 15.
Rb1 axb4 16. axb4 f6 17. exf6 Bxf6 18. Bxf6 Rxf6 19. g3 e5 20. fxe5 Nxe5 21.
Be2 Qf7 22. Qe3 Nf3+ 23. Bxf3 Rxf3 24. Qd4 Bh3 25. Kd2 Rf2+ 26. Kc1 Qf5 27. Qd3
Qf7 28. Qd4 Re8 29. Kb2 Rb8 30. Kb3 Rf3 31. Ra1 c5 32. Qxc5 d4+ 33. Kb2 dxc3+
34. Kb1 Bf5 35. Ra7 Qb3+ 0-1

[Event "MCR senioru 2014 - nad 60 let"]
[Site "Rychnov nad Kneznou"]
[Date "2014.08.22"]
[Round "7.24"]
[White "Prachaø, Josef"]
[Black "Palla, Stanislav"]
[Result "1-0"]
[WhiteElo "1832"]
[BlackElo "1769"]
[PlyCount "63"]
[EventDate "2014.08.16"]

1. d4 Nf6 2. c4 g6 3. Nc3 d5 4. cxd5 Nxd5 5. e4 Nxc3 6. bxc3 Bg7 7. Nf3 O-O 8.
Be2 c5 9. Rb1 cxd4 10. cxd4 Qa5+ 11. Bd2 Qxa2 12. O-O Qe6 13. Qc2 b6 14. d5 Qd7
15. Bb5 Qd8 16. Bf4 Bd7 17. Bc6 Bxc6 18. dxc6 Na6 19. Rfd1 Qc8 20. Ne5 Nc5 21.
Nd7 Nxd7 22. Rxd7 e5 23. Bg5 f6 24. Qc4+ Kh8 25. Be3 Qe8 26. Rbd1 Rc8 27. c7 g5
28. g4 b5 29. Qd5 a6 30. Bc5 Rg8 31. Rd8 Qg6 32. Qxg8# 1-0

[Event "MCR senioru 2014 - nad 60 let"]
[Site "Rychnov nad Kneznou"]
[Date "2014.08.22"]
[Round "7.25"]
[White "Janeèek, František"]
[Black "Portych, Václav"]
[Result "0-1"]
[WhiteElo "1699"]
[BlackElo "1823"]
[PlyCount "102"]
[EventDate "2014.08.16"]

1. c4 e5 2. Nc3 Nf6 3. Nf3 Nc6 4. g3 d5 5. cxd5 Nxd5 6. Bg2 Nxc3 7. bxc3 Bc5 8.
d3 e4 9. Ng5 e3 10. Ne4 exf2+ 11. Nxf2 Bxf2+ 12. Kxf2 Qf6+ 13. Bf3 Qxc3 14. Be3
Qf6 15. Qa4 O-O 16. Rac1 Bd7 17. Rc5 Ne5 18. Qd4 Ng4+ 19. Kg2 Nxe3+ 20. Qxe3
Rae8 21. Qd2 c6 22. Rf1 Qd6 23. Qc3 Be6 24. Rg5 g6 25. Rc1 Qd7 26. Qf6 Qe7 27.
Qxe7 Rxe7 28. a3 f5 29. g4 fxg4 30. Be4 Kg7 31. Kg3 Rf6 32. Rcc5 Ref7 33. Rge5
Bd7 34. a4 Re6 35. a5 Rxe5 36. Rxe5 b6 37. d4 Kf6 38. Bg2 Re7 39. Rxe7 Kxe7 40.
axb6 axb6 41. e4 b5 42. Kf4 b4 43. Bf1 b3 44. Bd3 Be6 45. Ke5 b2 46. Bb1 h5 47.
Kf4 Kd6 48. Kg5 c5 49. d5 Bc8 50. Kxg6 h4 51. Kf6 g3 0-1

[Event "MCR senioru 2014 - nad 70 let"]
[Site "Rychnov nad Kneznou"]
[Date "2014.08.22"]
[Round "7.2"]
[White "Vitek, Vaclav"]
[Black "Zeman, Ladislav"]
[Result "1/2-1/2"]
[WhiteElo "2049"]
[BlackElo "1870"]
[PlyCount "104"]
[EventDate "2014.??.??"]

1. d4 d5 2. Bf4 c6 3. Nd2 g6 4. e3 Nf6 5. h3 Bg7 6. Ngf3 O-O 7. c4 e6 8. Be2
Nbd7 9. O-O Nh5 10. Bh2 f5 11. Ne5 Nxe5 12. dxe5 f4 13. e4 Bxe5 14. Bxh5 gxh5
15. Rb1 dxe4 16. Qxh5 Rf5 17. Qd1 Qd3 18. Re1 Bg7 19. Nxe4 Qxd1 20. Rexd1 e5
21. b3 Rf8 22. Nd6 b6 23. Nxc8 Raxc8 24. Rd7 Rf7 25. Rbd1 Rcf8 26. f3 h6 27.
Kf1 Bf6 28. Ke2 Kh7 29. Bg1 Kg6 30. R1d6 c5 31. Bf2 Kf5 32. Be1 h5 33. a4 Be7
34. Rd5 Rg7 35. Rxa7 Rxg2+ 36. Kf1 Rg7 37. Rxe5+ Kxe5 38. Bc3+ Ke6 39. Bxg7 Rd8
40. Rb7 Rd3 41. Rxb6+ Kf7 42. Bh6 Rxf3+ 43. Kg2 Rg3+ 44. Kh2 Rf3 45. Rb7 Ke6
46. a5 Bh4 47. a6 Rf2+ 48. Kg1 f3 49. Be3 Re2 50. Bxc5 Re1+ 51. Kh2 Re2+ 52.
Kg1 Re1+ 1/2-1/2

[Event "MCR senioru 2014 - nad 70 let"]
[Site "Rychnov nad Kneznou"]
[Date "2014.08.22"]
[Round "7.3"]
[White "Volf, Jaroslav"]
[Black "Zamecnik, Bohumir"]
[Result "1/2-1/2"]
[WhiteElo "2074"]
[BlackElo "1852"]
[PlyCount "104"]
[EventDate "2014.??.??"]

1. e4 c5 2. c3 d5 3. exd5 Qxd5 4. d4 e5 5. dxe5 Qxd1+ 6. Kxd1 Nc6 7. Bf4 Bg4+
8. Be2 O-O-O+ 9. Nd2 Bxe2+ 10. Nxe2 f6 11. Kc2 fxe5 12. Be3 Nf6 13. f3 Be7 14.
Rad1 Nd5 15. Bf2 b6 16. Rhe1 Bg5 17. Ne4 Ne3+ 18. Bxe3 Bxe3 19. N2g3 Bf4 20.
Nf1 Rhf8 21. Rxd8+ Rxd8 22. g3 Bh6 23. Ne3 Bxe3 24. Rxe3 Rd7 25. Rd3 Rxd3 26.
Kxd3 Kd7 27. Kc4 Ke6 28. Ng5+ Kf5 29. Nxh7 g5 30. h4 gxh4 31. gxh4 Kf4 32. Kd5
Ne7+ 33. Ke6 Nf5 34. Nf6 Nxh4 35. Nd5+ Kxf3 36. Kxe5 Ke2 37. Kd6 Kd3 38. Kc6
Nf5 39. Nxb6 axb6 40. Kxb6 c4 41. a4 Nd6 42. Kc5 Nc8 43. a5 Kc2 44. Kxc4 Kxb2
45. Kb4 Na7 46. a6 Kc2 47. c4 Kd3 48. Kc5 Nc8 49. Kb5 Kd4 50. Kb4 Na7 51. Ka5
Kxc4 52. Kb6 Nb5 1/2-1/2

[Event "MCR senioru 2014 - nad 70 let"]
[Site "Rychnov nad Kneznou"]
[Date "2014.08.22"]
[Round "7.4"]
[White "Jacek, Miloslav"]
[Black "Blazek, Jaroslav"]
[Result "1-0"]
[WhiteElo "2030"]
[BlackElo "1701"]
[PlyCount "85"]
[EventDate "2014.??.??"]

1. e4 e5 2. Nf3 Nc6 3. Bc4 Be7 4. d4 exd4 5. Nxd4 d6 6. Nxc6 bxc6 7. O-O Nf6 8.
Nc3 O-O 9. b3 Be6 10. Bd3 d5 11. e5 Ng4 12. Qe2 Bc5 13. Na4 Qh4 14. h3 Bd4 15.
c3 Bxe5 16. f4 Bd6 17. hxg4 Bxg4 18. Qf2 Qh5 19. Be3 Rfe8 20. Bc5 Be2 21. Bxe2
Rxe2 22. Qf3 Qxf3 23. Rxf3 Re4 24. Bxd6 cxd6 25. Rd1 Rae8 26. Rd2 f5 27. Kf2
R8e6 28. g3 Rh6 29. Rfd3 Rh2+ 30. Kf3 Rxd2 31. Rxd2 Kf7 32. Nb2 Ke6 33. Rd1 h5
34. Nd3 a5 35. Nf2 Kf6 36. Nxe4+ fxe4+ 37. Kf2 Ke6 38. Rd4 c5 39. Ra4 Kf5 40.
Rxa5 Kg4 41. Ra7 e3+ 42. Kxe3 Kxg3 43. Rxg7+ 1-0

[Event "MCR senioru 2014 - nad 70 let"]
[Site "Rychnov nad Kneznou"]
[Date "2014.08.22"]
[Round "7.5"]
[White "Tobiska, Jaroslav"]
[Black "Slechta, Karel"]
[Result "0-1"]
[WhiteElo "1704"]
[BlackElo "1969"]
[PlyCount "52"]
[EventDate "2014.??.??"]

1. e4 c5 2. Nf3 Nc6 3. Bc4 e6 4. d4 cxd4 5. Nxd4 Nf6 6. Nxc6 bxc6 7. O-O Nxe4
8. Bd3 Nf6 9. Nc3 d5 10. Bg5 Be7 11. Ne2 Qb6 12. b3 Ba6 13. Be3 Qb7 14. Rb1
Bxd3 15. Qxd3 Qc7 16. Rfc1 Ng4 17. g3 O-O 18. c4 Nxe3 19. fxe3 Qb6 20. Kg2 Rfd8
21. cxd5 Rxd5 22. Qe4 Rad8 23. Nc3 Rd2+ 24. Kh3 Bf6 25. Na4 Qa5 26. Rc2 Qh5+
0-1

[Event "MCR senioru 2014 - nad 70 let"]
[Site "Rychnov nad Kneznou"]
[Date "2014.08.22"]
[Round "7.6"]
[White "Laszkiewicz, Jerzy"]
[Black "Bohuslav, Jan"]
[Result "1-0"]
[WhiteElo "1949"]
[BlackElo "1964"]
[PlyCount "27"]
[EventDate "2014.??.??"]

1. e4 c5 2. Nf3 Nf6 3. e5 Nd5 4. Nc3 e6 5. Nxd5 exd5 6. d4 Nc6 7. c3 Qb6 8. Be2
Be7 9. O-O O-O 10. dxc5 Qc7 11. Qxd5 b6 12. cxb6 axb6 13. Bf4 Bb7 14. Qd2 1-0

[Event "MCR senioru 2014 - nad 70 let"]
[Site "Rychnov nad Knìžnou"]
[Date "2014.08.22"]
[Round "7.7"]
[White "Neubauer, Vilém"]
[Black "Bohuslav, Jan"]
[Result "0-1"]
[WhiteElo "1829"]
[BlackElo "1964"]
[PlyCount "106"]
[EventDate "2014.08.18"]

1. f4 e5 2. fxe5 d6 3. Nf3 dxe5 4. e4 Nd7 5. Bc4 Bc5 6. c3 Qe7 7. Qe2 Ngf6 8.
b4 Bb6 9. a4 a5 10. b5 O-O 11. d3 Bc5 12. Be3 Bxe3 13. Qxe3 Ng4 14. Qe2 Nb6 15.
Nbd2 Nxc4 16. Nxc4 f6 17. h3 Nh6 18. g4 Nf7 19. Ne3 Be6 20. O-O Rad8 21. c4 Qc5
22. Kg2 Rd7 23. h4 Rfd8 24. Rfd1 g6 25. Nd5 Kg7 26. d4 exd4 27. Nxd4 Rd6 28.
Qf2 Bxd5 29. cxd5 Qb6 30. Ne6+ Rxe6 31. dxe6 Qxe6 32. Qe2 Re8 33. Re1 Ne5 34.
Rac1 c6 35. bxc6 bxc6 36. Rc5 Nxg4 37. Rxa5 Re7 38. Qf3 h5 39. Re2 Ne5 40. Qg3
Qc4 41. Qe3 Ng4 42. Qd2 c5 43. Ra8 f5 44. Qb2+ Ne5 45. Rb8 f4 46. Qc2 f3+ 47.
Kf2 fxe2 48. Qxe2 Qxe2+ 49. Kxe2 Nc6 50. Rc8 Rxe4+ 51. Kf3 Re6 52. Ra8 c4 53.
a5 c3 0-1

[Event "MCR senioru 2014 - nad 70 let"]
[Site "Rychnov nad Knìžnou"]
[Date "2014.08.22"]
[Round "7.8"]
[White "Pavlù, Jiøí"]
[Black "Glembek, Bohumír"]
[Result "1/2-1/2"]
[WhiteElo "1870"]
[BlackElo "1779"]
[PlyCount "88"]
[EventDate "2014.08.18"]

1. d4 Nf6 2. c4 g6 3. Nc3 d5 4. cxd5 Nxd5 5. g3 Bg7 6. Bg2 c6 7. Nxd5 cxd5 8.
Nf3 Nc6 9. O-O O-O 10. e3 Re8 11. Bd2 Bf5 12. Bc3 Be4 13. Nh4 Bxg2 14. Nxg2 Rc8
15. Rc1 e6 16. Qb3 b6 17. Qa4 Qd7 18. Nf4 Nb8 19. Qxd7 Nxd7 20. Nd3 a5 21. a3
Rc7 22. Bd2 Rec8 23. Rxc7 Rxc7 24. Rc1 Rxc1+ 25. Bxc1 Bf8 26. Bd2 f6 27. f4 Bd6
28. Bc3 Kf7 29. Kf2 Nb8 30. b4 Nc6 31. b5 Nb8 32. a4 Nd7 33. Kf3 f5 34. Ne5+
Bxe5 35. fxe5 g5 36. g4 Kg6 37. h3 h5 38. Bd2 fxg4+ 39. hxg4 h4 40. e4 dxe4+
41. Kxe4 Kh6 42. Kf3 Kg6 43. Ke4 Kh6 44. Be1 Kg6 1/2-1/2

[Event "MCR senioru 2014 - nad 70 let"]
[Site "Rychnov nad Knìžnou"]
[Date "2014.08.22"]
[Round "7.9"]
[White "Zikmund, Jaroslav"]
[Black "Molendzki, Tomasz"]
[Result "1/2-1/2"]
[WhiteElo "1852"]
[BlackElo "1823"]
[PlyCount "140"]
[EventDate "2014.08.18"]

1. d4 d5 2. c4 e6 3. Nc3 Nf6 4. Bg5 Be7 5. e3 a6 6. Nf3 O-O 7. Rc1 Nbd7 8. Bd3
dxc4 9. Bxc4 b5 10. Bd3 Bb7 11. O-O h6 12. Bxf6 Bxf6 13. Be4 Bxe4 14. Nxe4 Be7
15. a3 Rc8 16. b4 Nb6 17. Nc5 Bd6 18. Qd3 Nc4 19. Nd2 Bxc5 20. bxc5 Nxd2 21.
Qxd2 c6 22. a4 Qe7 23. Ra1 Ra8 24. a5 Rfd8 25. Qb4 Rd7 26. f4 g6 27. Qb1 Rad8
28. Qb2 {[%emt 0:00:00]} Rd5 29. Rf2 Kg7 30. Qb4 f6 31. Raf1 R8d7 32. g3 e5 33.
Rd2 Qd8 34. Rfd1 e4 35. Rg2 Qe7 36. Re1 {[%emt 0:00:00]} h5 37. Rf1 f5 38. h4
Kh6 39. Kh2 Rd8 40. Rh1 R5d7 41. Rc2 Re8 42. Kg2 Rh8 43. Kf1 Qe6 44. Ke1 Kg7
45. Kd1 Kf8 46. Kc1 Rdh7 47. Rch2 Rb7 48. Rc2 Rd7 49. Kb2 Qe7 50. Ka3 Qd8 51.
Kb2 Qc7 {[%emt 0:00:00]} 52. Rch2 {[%emt 0:00:00]} Rd5 53. Kc3 Qg7 54. Kb3 Ke7
55. Ka3 Rhd8 56. Ra2 Ke6 57. Rha1 Qc7 58. Rh1 Kf7 59. Rd1 g5 60. hxg5 h4 61.
Rh1 Rh8 62. gxh4 Rh5 63. Rg2 Kg6 64. Rd2 Qh7 65. Rdh2 Qh8 66. Ka2 Qg8 67. Ka3
Rd7 68. Qb3 Rd5 69. Kb4 Qd8 70. Rd1 Qh8 1/2-1/2

[Event "MCR senioru 2014 - nad 70 let"]
[Site "Rychnov nad Knìžnou"]
[Date "2014.08.22"]
[Round "7.10"]
[White "Sládek, Jaroslav"]
[Black "Kudera, Jiøí"]
[Result "0-1"]
[WhiteElo "1558"]
[BlackElo "1843"]
[PlyCount "88"]
[EventDate "2014.08.18"]

1. e4 e5 2. Nf3 d6 3. d4 exd4 4. Qxd4 Nf6 5. Nc3 Be7 6. e5 dxe5 7. Qxd8+ Bxd8
8. Nxe5 O-O 9. Be3 Re8 10. Nc4 Ng4 11. O-O-O Nxe3 12. Nxe3 c6 13. Bd3 Be6 14.
Bc4 Na6 15. Bxe6 Rxe6 16. Kb1 Bf6 17. Ne2 Rae8 18. Nf4 Re4 19. Ne2 Nc5 20. Ng3
Rb4 21. b3 Na4 22. Kc1 Nc3 23. a3 Rf4 24. Rd2 g6 25. h3 h5 26. Nd1 Nd5 27. Re2
Rxe2 28. Nxe2 Re4 29. Ng3 Bg5+ 30. Kb1 Re8 31. f3 f5 32. Rf1 Nf4 33. Rg1 h4 34.
Nh1 Bf6 35. g4 Nxh3 36. Rf1 f4 37. Nhf2 Ng5 38. Nd3 Ne6 39. N1f2 g5 40. Ne4 Be7
41. b4 Nd4 42. Ndc5 Nb5 43. Na4 Nd6 44. Nxd6 Bxd6 0-1

[Event "MCR senioru 2014 - nad 70 let"]
[Site "Rychnov nad Knìžnou"]
[Date "2014.08.22"]
[Round "7.11"]
[White "Mutina, Antonín"]
[Black "Vlasák, Ladislav"]
[Result "1-0"]
[WhiteElo "1970"]
[BlackElo "1806"]
[PlyCount "101"]
[EventDate "2014.08.18"]

1. d4 Nf6 2. Bg5 g6 3. c4 Bg7 4. Nc3 d6 5. e4 h6 6. Be3 O-O 7. Be2 e5 8. d5 a5
9. Bf3 Na6 10. Nge2 b6 11. O-O Bg4 12. Ng3 Bd7 13. Qd2 Kh7 14. Rfc1 Ng4 15.
Bxg4 Bxg4 16. f3 Bd7 17. a3 a4 18. Qc2 Nc5 19. Bxc5 bxc5 20. b3 axb3 21. Qxb3
Qb8 22. Rcb1 Qxb3 23. Rxb3 Rfb8 24. Rxb8 Rxb8 25. a4 Ra8 26. a5 Bc8 27. Nb5 Bf8
28. Nxc7 Ra7 29. Nb5 Ra8 30. Ne2 Be7 31. Nc1 Ra6 32. Kf1 Kg8 33. Ke2 Kf8 34.
Nb3 Bd8 35. Kd3 Ke7 36. Nc3 Kd7 37. Ne2 Kc7 38. f4 exf4 39. Nxf4 Bf6 40. Rf1
Be5 41. Ne2 f5 42. Ng3 Bxg3 43. hxg3 fxe4+ 44. Ke3 h5 45. Rf7+ Kd8 46. Rf8+ Kc7
47. Rf7+ Kd8 48. Rf6 Bf5 49. Nxc5 Ke7 50. Nxa6 Kxf6 51. Nc7 1-0

[Event "MCR senioru 2014 - nad 70 let"]
[Site "Rychnov nad Knìžnou"]
[Date "2014.08.22"]
[Round "7.12"]
[White "Havrlík, Pavel"]
[Black "Walter, Jaroslav"]
[Result "1-0"]
[WhiteElo "1879"]
[BlackElo "1742"]
[PlyCount "29"]
[EventDate "2014.08.18"]

1. c4 Nf6 2. Nc3 c5 3. Nf3 Nc6 4. d4 e6 5. d5 exd5 6. cxd5 Nb4 7. a3 Qa5 8. Bd2
Na6 9. e4 d6 10. e5 dxe5 11. Nxe5 Bd6 12. Bb5+ Nd7 13. Nc4 Qc7 14. Ne4 Be5 15.
d6 1-0

[Event "MCR senioru 2014 - nad 50 let"]
[Site "Rychnov nad Kneznou"]
[Date "2014.08.23"]
[Round "8.1"]
[White "Urban, Zdenek"]
[Black "Malinovsky, Petr"]
[Result "0-1"]
[WhiteElo "2152"]
[BlackElo "1995"]
[PlyCount "80"]
[EventDate "2014.??.??"]

1. c4 e6 2. Nc3 d5 3. d4 c6 4. e3 f5 5. Bd3 Nf6 6. a3 Bd6 7. f4 O-O 8. Nf3 Ne4
9. Bd2 Qf6 10. O-O Bd7 11. c5 Bc7 12. Qe2 Be8 13. Bxe4 fxe4 14. Ne5 Nd7 15. b4
a6 16. a4 h6 17. b5 axb5 18. axb5 Rxa1 19. Rxa1 cxb5 20. Nxb5 Nxe5 21. Nxc7 Nc4
22. Ba5 Bc6 23. Bb6 Kh7 24. Ra8 Rf7 25. h4 Bd7 26. g3 Qf5 27. g4 Qf6 28. Qf2 e5
29. Nxd5 Qe6 30. Nc3 exf4 31. exf4 Qxg4+ 32. Qg2 Qxh4 33. Qxe4+ Bf5 34. Qf3 Re7
35. Ra1 Re3 36. Rf1 Rxf3 37. Rxf3 Qe1+ 38. Kh2 Ne3 39. Ba5 Qd2+ 40. Kg3 Qg2+
0-1

[Event "MCR senioru 2014 - nad 50 let"]
[Site "Rychnov nad Kneznou"]
[Date "2014.08.23"]
[Round "8.2"]
[White "Shilov, Sergej"]
[Black "Vlachopulos, Georgis"]
[Result "1-0"]
[WhiteElo "2141"]
[BlackElo "1952"]
[PlyCount "51"]
[EventDate "2014.??.??"]

1. e4 c5 2. c3 d5 3. exd5 Qxd5 4. d4 e5 5. Nf3 cxd4 6. cxd4 exd4 7. Qxd4 Qxd4
8. Nxd4 Bc5 9. Nb5 Na6 10. Bf4 Ne7 11. Nd6+ Bxd6 12. Bxd6 O-O 13. Bb5 Rd8 14.
Bxe7 Rd5 15. Be2 Bf5 16. Nc3 Re5 17. Bd6 Re6 18. O-O-O Rd8 19. Ba3 Rc8 20. Bf3
Be4 21. Bxe4 Rxe4 22. Kb1 Rec4 23. Nb5 Rb8 24. Rd7 Nc5 25. Rc7 a6 26. Nd6 1-0

[Event "MCR senioru 2014 - nad 50 let"]
[Site "Rychnov nad Kneznou"]
[Date "2014.08.23"]
[Round "8.3"]
[White "Elias, Miroslav"]
[Black "Lorenc, Oldrich"]
[Result "0-1"]
[WhiteElo "2079"]
[BlackElo "2081"]
[PlyCount "78"]
[EventDate "2014.??.??"]

1. e4 d5 2. exd5 Nf6 3. d4 Nxd5 4. c4 Nf6 5. Nf3 g6 6. Be2 Bg7 7. O-O O-O 8.
Nc3 Na6 9. Re1 c6 10. h3 Bf5 11. g4 Be6 12. Bf1 Nc7 13. Bf4 h5 14. Ne5 hxg4 15.
hxg4 Nd7 16. Qe2 Nxe5 17. Bxe5 Qd7 18. f3 Bxe5 19. Qxe5 Rad8 20. Rad1 Qd6 21.
Kg2 Qxe5 22. Rxe5 Rfe8 23. Kg3 f6 24. Ree1 Kf7 25. f4 Rh8 26. Be2 Rh7 27. b3
Rdh8 28. Bf3 Rh3+ 29. Kf2 Bxg4 30. Bxg4 Rxc3 31. Rh1 Rxh1 32. Rxh1 f5 33. Be2
Ne6 34. Rh7+ Kf6 35. d5 Nd4 36. dxc6 bxc6 37. c5 Rc2 38. Ke3 Nxe2 39. Rh2 Rxa2
0-1

[Event "MCR senioru 2014 - nad 50 let"]
[Site "Rychnov nad Kneznou"]
[Date "2014.08.23"]
[Round "8.4"]
[White "Papacek, Milos"]
[Black "Masek, Jan"]
[Result "0-1"]
[WhiteElo "1761"]
[BlackElo "1930"]
[PlyCount "148"]
[EventDate "2014.??.??"]

1. e4 e5 2. Nf3 Nc6 3. Bb5 a6 4. Ba4 Nf6 5. d3 d6 6. h3 Be7 7. c3 O-O 8. Nbd2
Nh5 9. Nf1 Nf4 10. Bxf4 exf4 11. Qd2 Ne5 12. N1h2 f5 13. Bb3+ Kh8 14. O-O-O
fxe4 15. dxe4 Qe8 16. Nxe5 dxe5 17. Qe2 b5 18. g4 a5 19. Nf3 a4 20. Bc2 c5 21.
Rd5 Be6 22. Nxe5 Bxd5 23. exd5 Bd6 24. Qd3 g6 25. Nf3 Rb8 26. Re1 Qd8 27. h4
Re8 28. Rxe8+ Qxe8 29. h5 Rb7 30. Ng5 Qe1+ 31. Bd1 c4 32. Qc2 Qe5 33. Ne4 Qxd5
34. hxg6 hxg6 35. Nf6 Qd3 36. Qxd3 cxd3 37. Kd2 Be5 38. Bf3 Rb6 39. Nd5 Rd6 40.
Kxd3 g5 41. Be4 Kg7 42. b3 axb3 43. axb3 Kf7 44. c4 bxc4+ 45. bxc4 Ra6 46. f3
Ra3+ 47. Kc2 Bd6 48. Kb2 Ke6 49. Nc3 Ra6 50. Nb5 Rb6 51. Kb3 Ke5 52. Ka4 Bc5
53. Bd5 Ra6+ 54. Kb3 Ra1 55. Be4 Re1 56. Bd5 Rd1 57. Be4 Rd2 58. Kc3 Re2 59.
Bd5 Be3 60. Be4 Bg1 61. Bd5 Bf2 62. Kb3 Be1 63. Ka3 Re3+ 64. Ka4 Bd2 65. Bc6
Rd3 66. Be4 Re3 67. Bc6 Ke6 68. Bd5+ Kd7 69. Bb7 Be1 70. Bd5 Re2 71. Bb7 Ke6
72. Bd5+ Ke5 73. Bb7 Rb2 74. Bd5 Rb4+ 0-1

[Event "MCR senioru 2014 - nad 50 let"]
[Site "Rychnov nad Kneznou"]
[Date "2014.08.23"]
[Round "8.5"]
[White "Chládek, Václav"]
[Black "Nisztuk, Michal"]
[Result "1-0"]
[WhiteElo "2044"]
[BlackElo "1743"]
[PlyCount "106"]
[EventDate "2014.08.16"]

1. e4 e5 2. Nf3 Nc6 3. d4 exd4 4. c3 dxc3 5. Nxc3 Bb4 6. Bc4 Nf6 7. e5 d5 8.
exf6 dxc4 9. Qxd8+ Nxd8 10. fxg7 Rg8 11. Bh6 Ne6 12. O-O-O Bxc3 13. bxc3 Nxg7
14. Rhe1+ Be6 15. Bf4 c6 16. Ng5 h6 17. Ne4 Nh5 18. Bg3 Rg6 19. Nd6+ Kf8 20.
Nxb7 Nxg3 21. hxg3 Bf5 22. Rd4 Rb8 23. Rd8+ Rxd8 24. Nxd8 Rd6 25. Nb7 Rd5 26.
Re2 Bd3 27. Rb2 Ke7 28. a4 a5 29. Rb6 Kd7 30. Ra6 Re5 31. Kd1 Re8 32. Nxa5 Be4
33. Ke2 Bd3+ 34. Kd1 Re5 35. Ra7+ Ke6 36. Nb7 Rf5 37. Nd8+ Kd5 38. Rxf7 Rh5 39.
Rd7+ Kc5 40. Ne6+ Kb6 41. Nf4 Rh1+ 42. Kd2 Bf5 43. Rf7 Bb1 44. Rf6 Rf1 45. Ke2
Rc1 46. Rxh6 Rc2+ 47. Ke1 Rc1+ 48. Kd2 Rc2+ 49. Kd1 Ra2 50. a5+ Kxa5 51. Rxc6
Kb5 52. Rc7 Bf5 53. Re7 Rc2 1-0

[Event "MCR senioru 2014 - nad 50 let"]
[Site "Rychnov nad Kneznou"]
[Date "2014.08.23"]
[Round "8.6"]
[White "Cvejn, Jaroslav"]
[Black "Zmeškal, Stanislav"]
[Result "0-1"]
[WhiteElo "1733"]
[BlackElo "1691"]
[PlyCount "140"]
[EventDate "2014.08.16"]

1. e4 e5 2. Nf3 Nf6 3. Nc3 Bb4 4. d3 d5 5. exd5 Qxd5 6. Bd2 Bxc3 7. Bxc3 Nc6 8.
Be2 O-O 9. O-O Nd4 10. Nxd4 exd4 11. Bf3 Qd6 12. Bd2 c6 13. h3 Bf5 14. Qc1 Rfe8
15. Bf4 Qd7 16. Qd2 Re6 17. Qa5 Bg6 18. Rfe1 b6 19. Qa4 Rae8 20. Rxe6 Rxe6 21.
Kf1 b5 22. Qa5 Re8 23. a4 Re7 24. axb5 cxb5 25. Qa3 Qe6 26. Qd6 Ne8 27. Qb8 a6
28. Bd2 f6 29. Re1 Qd7 30. Rxe7 Qxe7 31. Qa8 Qc5 32. Qd5+ Qxd5 33. Bxd5+ Bf7
34. Bb7 g5 35. f4 h6 36. fxg5 hxg5 37. Ba5 Nd6 38. Bxa6 Be8 39. Bd2 Kf7 40. c4
bxc4 41. Bxc4+ Ke7 42. Bb4 Kd7 43. Bxd6 Kxd6 44. b3 Kc5 45. Kf2 Bd7 46. Kg3 Bf5
47. h4 gxh4+ 48. Kxh4 Bg6 49. Kg3 Kb4 50. Kf2 Kc3 51. Be6 Bxd3 52. Ke1 Bc2 53.
Bd5 d3 54. Bf3 Bxb3 55. Kf2 d2 56. Ke3 Bd5 57. Be2 Bxg2 58. Bd1 f5 59. Kf2 Be4
60. Ke3 Bc2 61. Bf3 d1=Q 62. Bxd1 Bxd1 63. Kf4 Bc2 64. Ke3 Bb1 65. Kf2 Kd4 66.
Kf3 Ke5 67. Kf2 f4 68. Kf3 Bd3 69. Kf2 Ke4 70. Ke1 Ke3 0-1